Normal view MARC view

Entry Personal Name

Number of records used in: 1

001 - CONTROL NUMBER

  • control field: 1238217

003 - CONTROL NUMBER IDENTIFIER

  • control field: OSt

005 - DATE AND TIME OF LATEST TRANSACTION

  • control field: 20260430150703.0

008 - FIXED-LENGTH DATA ELEMENTS

  • fixed length control field: 260430|| aca||aabn | a|a d

040 ## - CATALOGING SOURCE

  • Original cataloging agency: OSt
  • Transcribing agency: OSt

100 ## - HEADING--PERSONAL NAME

  • Personal name: Singh Ashish Ranjan Au.; Ajeet Kumar Gu

670 ## - SOURCE DATA FOUND

  • Source citation: Work cat.: (OSt)1850393: Singh Ashish Ranjan Au.; Ajeet Kumar Gu., India-Tanzania Trade Relations: With Special Reference to Zanzibar (1850 1950), 2024
Copyright @ Delhi University Library System